भारतीय राजनैतिक विचारक / (Record no. 177732)
[ view plain ]
| 000 -LEADER | |
|---|---|
| fixed length control field | 00929nam a22001817a 4500 |
| 005 - DATE AND TIME OF LATEST TRANSACTION | |
| control field | 20210226152034.0 |
| 010 ## - LCCN (DPL NO) | |
| LC control number | B-047521 |
| 020 ## - INTERNATIONAL STANDARD BOOK NUMBER | |
| International Standard Book Number | 8173914214 |
| 035 ## - SYSTEM CONTROL NUMBER | |
| System control number | B-047521 |
| 082 ## - DEWEY DECIMAL CLASSIFICATION NUMBER | |
| Classification number | 320.5 शर्मायो |
| 100 ## - MAIN ENTRY--PERSONAL NAME | |
| Personal name | शर्मा , योगेंद्र कुमार |
| 245 ## - TITLE STATEMENT | |
| Title | भारतीय राजनैतिक विचारक / |
| Statement of responsibility, etc | योगेंद्र कुमार शर्मा |
| 260 ## - PUBLICATION, DISTRIBUTION, ETC. (IMPRINT) | |
| Place of publication, distribution, etc | नयी दिल्ली |
| Name of publisher, distributor, etc | कनिष्का पब्लिशर्स |
| Date of publication, distribution, etc | 2001 |
| 270 ## - ADDRESS | |
| Address | कनिष्का पब्लिशर्स डिस्ट्रीब्यूटर्स सारी रोड दरियागंज नयी दिल्ली |
| City | नयी दिल्ली |
| Telephone number | 3270497 |
| 300 ## - PHYSICAL DESCRIPTION | |
| Extent | 405पृ. |
| Dimensions | 20सेमी (सजिल्द) |
| 700 ## - ADDED ENTRY--PERSONAL NAME | |
| 9 (RLIN) | 39428 |
| 942 ## - ADDED ENTRY ELEMENTS (KOHA) | |
| Source of classification or shelving scheme | Dewey Decimal Classification |
| Item type | Hindi Books |
| Call number suffix | शर्मायो |
| Classification part | 320.5 |
| Withdrawn status | Lost status | Not for loan | Collection code | Home library | Current library | Date acquired | Full call number | Barcode | Copy number | Koha item type |
|---|---|---|---|---|---|---|---|---|---|---|
| Non-fiction | Central Library | Central Library | 26/02/2021 | 320.5 शर्मायो | B-047521 | 1 | Hindi Books |
